[Event "Tournament  Mega Chess"]
[Site "SchemingMind.com"]
[Date "2007.10.11"]
[Round "-"]
[White "tsangal"]
[Black "Negrito19"]
[Result "0-1"]
[WhiteCountry "CAN"]
[BlackCountry "ARG"]
[WhiteElo "1819"]
[WhiteRD "112"]
[BlackElo "1610"]
[BlackRD "63"]
[GameID "124202"]

1. e4 e5 2. Nf3 Nc6 3. d4 d6 4. Bc4 h6 5. dxe5 dxe5 6. Qxd8+ Nxd8 7. Nxe5 Be6 8. Bd3 f6 9. Ng6 Rh7 10. Nxf8 Kxf8
11. Nc3 c6 12. f4 g6 13. Be3 Ne7 14. O-O-O f5 15. exf5 Bxf5 16. Be2 Ne6 17. g4 g5 18. gxf5 Nxf5 19. Bf2 Nxf4 20. Bf3 Rg7
21. Rhe1 g4 22. Be4 Ne7 23. Be3 Neg6 24. Bxg6 Rxg6 25. Bxf4 Kf7 26. Rd7+ Kf8 27. Bd6+ Kg8 28. Ree7 b5 29. Ne4 h5 30. Nf6+ Rxf6
31. Rg7+ Kh8 32. Rh7+ Kg8
0-1

[Event "Tournament  Mega Chess"]
[Site "SchemingMind.com"]
[Date "2007.10.12"]
[Round "-"]
[White "tsangal"]
[Black "Lazaro"]
[Result "1-0"]
[WhiteCountry "CAN"]
[BlackCountry "CUB"]
[WhiteElo "2117"]
[WhiteRD "116"]
[BlackElo "1595"]
[BlackRD "46"]
[GameID "124203"]

1. e4 c5 2. Nc3 Nc6 3. f4 e6 4. Nf3 d5 5. Bb5 Ne7 6. exd5 Nxd5 7. O-O Nxf4 8. d4 Nd5 9. Ne5 Bd7 10. Nxf7 Nxc3
11. bxc3 Qb6 12. Nxh8 Qxb5 13. Qh5+
1-0

[Event "Tournament  Mega Chess"]
[Site "SchemingMind.com"]
[Date "2007.10.11"]
[Round "-"]
[White "tsangal"]
[Black "Archon"]
[Result "0-1"]
[WhiteCountry "CAN"]
[BlackCountry "CAN"]
[WhiteElo "1819"]
[WhiteRD "112"]
[BlackElo "1776"]
[BlackRD "57"]
[GameID "124204"]

1. e4 d6 2. d4 Nf6 3. Nc3 g6 4. Nf3 Bg7 5. h3 O-O 6. Be3 a6 7. a4 b6 8. e5 dxe5 9. dxe5 Qxd1+ 10. Rxd1 Nfd7
11. e6 fxe6 12. Bc4 Nf6 13. Ng5 Nc6 14. Nxe6 Bxe6 15. Bxe6+ Kh8 16. O-O Rad8 17. Rfe1 Rd6 18. Bc4 Nb4 19. Bb3 Rfd8 20. Rxd6 exd6
21. Bf4 Re8 22. Rxe8+ Nxe8 23. Bd2 Nf6 24. f3 Nc6 25. Ne2 Ng8 26. c3 Ne5 27. Kf2 Nf6 28. Nf4 Nfd7 29. Bc2 Nc4 30. Bc1 c6
31. Ne6 Bf6 32. b3 Nce5 33. f4 Nf7 34. c4 Nd8 35. Nxd8 Bxd8 36. f5 Kg7
0-1

[Event "Tournament  Mega Chess"]
[Site "SchemingMind.com"]
[Date "2007.10.11"]
[Round "-"]
[White "tsangal"]
[Black "ekulrac"]
[Result "1-0"]
[WhiteCountry "CAN"]
[BlackCountry "SCO"]
[WhiteElo "2050"]
[WhiteRD "127"]
[BlackElo "1761"]
[BlackRD "62"]
[GameID "124205"]

1. e4 Nc6 2. Nf3 e5 3. d4 d6 4. Bc4 Bg4 5. c3 Qf6 6. d5 Nce7 7. Bb5+ Bd7 8. Bxd7+ Kxd7 9. Qa4+ c6 10. O-O Nh6
11. c4 Nc8 12. dxc6+ bxc6 13. Rd1 Rb8 14. c5 Rb5 15. Nc3 Rb8 16. Bg5 Qg6 17. Nxe5+
1-0

[Event "Tournament  Mega Chess"]
[Site "SchemingMind.com"]
[Date "2007.10.11"]
[Round "-"]
[White "tsangal"]
[Black "Theodoric"]
[Result "1-0"]
[WhiteCountry "CAN"]
[BlackCountry "ENG"]
[WhiteElo "2050"]
[WhiteRD "127"]
[BlackElo "1830"]
[BlackRD "60"]
[GameID "124206"]

1. e4 e6 2. d4 d5 3. Nc3 Bb4 4. e5 c5 5. Bd2 Nc6 6. Nb5 Bxd2+ 7. Qxd2 cxd4 8. f4 f6 9. Nf3 Qa5 10. Qxa5 Nxa5
11. Nc7+ Kd8 12. Nxa8 Nc4 13. Bxc4 dxc4 14. Nxd4 Ne7 15. O-O-O Nd5 16. exf6 gxf6 17. f5 Ke7 18. fxe6
1-0

[Event "Tournament  Mega Chess"]
[Site "SchemingMind.com"]
[Date "2007.10.11"]
[Round "-"]
[White "tsangal"]
[Black "piersja"]
[Result "1-0"]
[WhiteCountry "CAN"]
[BlackCountry "GBR"]
[WhiteElo "2087"]
[WhiteRD "120"]
[BlackElo "1348"]
[BlackRD "95"]
[GameID "124207"]

1. e4 Nf6 2. e5 Nd5 3. d4 Nc6 4. c4 Nf4 5. Bxf4 e6 6. Nf3 Bb4+ 7. Nc3 O-O 8. Bd3 d5 9. O-O a5 10. Nb5 f5
11. exf6
1-0

[Event "Tournament  Mega Chess"]
[Site "SchemingMind.com"]
[Date "2007.10.11"]
[Round "-"]
[White "tsangal"]
[Black "ctrl-reset"]
[Result "1-0"]
[WhiteCountry "CAN"]
[BlackCountry "MAS"]
[WhiteElo "2087"]
[WhiteRD "120"]
[BlackElo "1507"]
[BlackRD "97"]
[GameID "124208"]

1. e4 e5 2. Nf3 Nc6 3. d4 Nxd4 4. Nxd4 exd4 5. Qxd4 d6 6. Nc3 Nf6 7. Bg5 Be7 8. O-O-O O-O 9. e5 Nd7 10. Bxe7 Qxe7
11. exd6 Qg5+ 12. f4 Qa5 13. dxc7 Qxc7 14. Nd5 Qa5 15. Ne7+ Kh8 16. Nxc8 Raxc8 17. Qxd7 Rcd8 18. Qxb7 Rxd1+ 19. Kxd1 Rd8+ 20. Bd3 g6
21. Qxf7 Qf5 22. Qxf5
1-0

[Event "Tournament  Mega Chess"]
[Site "SchemingMind.com"]
[Date "2007.10.11"]
[Round "-"]
[White "Zugzwang"]
[Black "tsangal"]
[Result "1-0"]
[WhiteCountry "CAN"]
[BlackCountry "CAN"]
[WhiteElo "1522"]
[WhiteRD "64"]
[BlackElo "1819"]
[BlackRD "112"]
[GameID "124209"]

1. d4 Nf6 2. Nf3 e6 3. e3 c5 4. c3 d5 5. Bd3 Be7 6. Nbd2 O-O 7. O-O b6 8. Qe2 Bb7 9. e4 Nc6 10. e5 Nd7
11. Re1 Re8 12. Nf1 Nf8 13. Ng3 a5 14. Nh5 a4 15. a3 Qc7 16. Ng5 cxd4 17. Qg4 g6 18. f4 dxc3 19. bxc3 Nxe5 20. fxe5 Qxc3
21. Be3 Qxd3 22. Nf4 Qf5 23. Qxf5 gxf5 24. Nh5 Rec8 25. Bxb6 Bxg5 26. Be3 Bxe3+ 27. Rxe3 Ng6 28. Nf6+ Kg7 29. Rh3 Nxe5 30. Nh5+ Kg6
31. Nf4+ Kg5 32. g3
1-0

[Event "Tournament  Mega Chess"]
[Site "SchemingMind.com"]
[Date "2007.10.11"]
[Round "-"]
[White "Dr_Pat"]
[Black "tsangal"]
[Result "0-1"]
[WhiteCountry "USA"]
[BlackCountry "CAN"]
[WhiteElo "1497"]
[WhiteRD "44"]
[BlackElo "1998"]
[BlackRD "140"]
[GameID "124210"]

1. d4 Nf6 2. c4 e6 3. Nc3 Bb4 4. e3 b6 5. Nf3 Ne4 6. Bd2 Bxc3 7. Bxc3 Nxc3 8. bxc3 O-O 9. Be2 Bb7 10. O-O d6
11. Ne1 c5 12. dxc5 dxc5 13. Bf3 Nc6 14. Qxd8 Rfxd8
0-1

[Event "Tournament  Mega Chess"]
[Site "SchemingMind.com"]
[Date "2007.10.11"]
[Round "-"]
[White "Negrito19"]
[Black "tsangal"]
[Result "1-0"]
[WhiteCountry "ARG"]
[BlackCountry "CAN"]
[WhiteElo "1610"]
[WhiteRD "63"]
[BlackElo "1819"]
[BlackRD "112"]
[GameID "124211"]

1. e4 c5 2. Nc3 g6 3. Nf3 Bg7 4. e5 Nc6 5. Qe2 Nh6 6. d3 Nf5 7. Be3 Nxe3 8. Qxe3 Qa5 9. a3 O-O 10. O-O-O d6
11. exd6 Bxc3 12. bxc3 Qxa3+ 13. Kd2 exd6 14. Rb1 Qa2 15. Be2 Bf5 16. Ra1 Qe6 17. Qh6 Rfe8 18. Rhe1 Qd7 19. Ra4 b5 20. Rh4 f6
21. c4 b4 22. d4 g5 23. Nxg5 fxg5 24. Qxg5+ Bg6 25. Bd3 Rxe1 26. Bxg6 hxg6 27. Kxe1 Re8+ 28. Kf1 Qe6 29. g3 Nxd4 30. Rh6 Kg7
31. Kg2 Qe4+ 32. Kh3 Qf5+ 33. Qxf5
1-0

[Event "Tournament  Mega Chess"]
[Site "SchemingMind.com"]
[Date "2007.10.13"]
[Round "-"]
[White "Lazaro"]
[Black "tsangal"]
[Result "0-1"]
[WhiteCountry "CUB"]
[BlackCountry "CAN"]
[WhiteElo "1595"]
[WhiteRD "46"]
[BlackElo "2117"]
[BlackRD "116"]
[GameID "124212"]

1. e4 c5 2. Nf3 g6 3. d4 cxd4 4. Nxd4 Nc6 5. c4 Nf6 6. Nc3 d6 7. Be2 Bd7 8. O-O Bg7 9. Be3 O-O 10. Rc1 Rc8
11. b3 Re8 12. f3 Nxd4 13. Bxd4 b6
0-1

[Event "Tournament  Mega Chess"]
[Site "SchemingMind.com"]
[Date "2007.10.11"]
[Round "-"]
[White "Archon"]
[Black "tsangal"]
[Result "0-1"]
[WhiteCountry "CAN"]
[BlackCountry "CAN"]
[WhiteElo "1763"]
[WhiteRD "53"]
[BlackElo "2087"]
[BlackRD "120"]
[GameID "124213"]

1. Nf3 c5 2. c4 g6 3. d4 cxd4 4. Nxd4 Nc6 5. e4 Nf6 6. Nc3 d6 7. Be2 Nxd4 8. Qxd4 Bg7 9. Be3 O-O 10. Qd2 Be6
11. f3 Qa5 12. h4 Nh5 13. g4 Ng3 14. Rh2 Nxe2 15. Rxe2 Bxc4 16. Rh2 Rac8 17. Kf2 Rfd8 18. h5 d5 19. hxg6 fxg6 20. Rah1 d4
21. Nd5 dxe3+ 22. Qxe3 Bxd5 23. Rxh7 Bxa2 24. Rxg7+ Kxg7 25. Qh6+ Kf6 26. Rh5 Rc2+ 27. Kg3 Qe1+
0-1

[Event "Tournament  Mega Chess"]
[Site "SchemingMind.com"]
[Date "2007.10.11"]
[Round "-"]
[White "ekulrac"]
[Black "tsangal"]
[Result "0-1"]
[WhiteCountry "SCO"]
[BlackCountry "CAN"]
[WhiteElo "1728"]
[WhiteRD "65"]
[BlackElo "2087"]
[BlackRD "120"]
[GameID "124214"]

1. e4 c5 2. Nf3 g6 3. Bc4 Bg7 4. d3 Nc6 5. O-O e6 6. Re1 Nf6 7. Nc3 d6 8. a4 O-O 9. h3 d5 10. Ba2 d4
11. Ne2 Qc7 12. Ng3 h6 13. c3 dxc3 14. bxc3 Nd7 15. d4 Rd8 16. Bb2 cxd4 17. cxd4 Nde5 18. Rc1 Nxf3+ 19. Qxf3 Qb6 20. Ba1 Nxd4
21. Bxd4 Rxd4 22. Rc2 Rxa4 23. Rec1 Bd7 24. Rc7 Rd8 25. e5 Rxa2
0-1

[Event "Tournament  Mega Chess"]
[Site "SchemingMind.com"]
[Date "2007.10.13"]
[Round "-"]
[White "Theodoric"]
[Black "tsangal"]
[Result "1-0"]
[WhiteCountry "ENG"]
[BlackCountry "CAN"]
[WhiteElo "1875"]
[WhiteRD "59"]
[BlackElo "1819"]
[BlackRD "112"]
[GameID "124215"]

1. e4 c5 2. c3 g6 3. Nf3 Bg7 4. d4 cxd4 5. cxd4 d5 6. e5 Bg4 7. Bb5+ Nd7 8. Qb3 e6 9. h3 Bxf3 10. Qxf3 a6
11. Be2 Qb6 12. Qd3 Ne7 13. Nd2 Nc6 14. Nb3 O-O 15. O-O Nb4 16. Qd1 Rfc8 17. Bd3 Nxd3 18. Qxd3 Rc4 19. Be3 Rac8 20. Rfc1 R8c6
21. f4 Qc7 22. g3 b6 23. h4 a5 24. a4 h5 25. Bd2 Bf8 26. Bc3
1-0

[Event "Tournament  Mega Chess"]
[Site "SchemingMind.com"]
[Date "2007.10.11"]
[Round "-"]
[White "piersja"]
[Black "tsangal"]
[Result "0-1"]
[WhiteCountry "GBR"]
[BlackCountry "CAN"]
[WhiteElo "1348"]
[WhiteRD "95"]
[BlackElo "2087"]
[BlackRD "120"]
[GameID "124216"]

1. f4 g6 2. Nc3 Bg7 3. Nf3 d5 4. e4 dxe4 5. Nxe4 Nf6 6. Neg5 h6 7. Nh3 Bxh3 8. gxh3 Qd6 9. d3 Nc6 10. Qe2 Nd5
0-1

[Event "Tournament  Mega Chess"]
[Site "SchemingMind.com"]
[Date "2007.10.11"]
[Round "-"]
[White "ctrl-reset"]
[Black "tsangal"]
[Result "0-1"]
[WhiteCountry "MAS"]
[BlackCountry "CAN"]
[WhiteElo "1627"]
[WhiteRD "124"]
[BlackElo "2050"]
[BlackRD "127"]
[GameID "124217"]

1. e4 c5 2. Nf3 g6 3. Nc3 Bg7 4. d4 cxd4 5. Nxd4 Nc6 6. Be3 Nf6 7. Bb5 O-O 8. O-O Nxd4 9. Bxd4 d6 10. Re1 e5
11. Be3 Ng4 12. Nd5 Be6 13. Bc1 Qh4 14. Be3 Qxh2+ 15. Kf1 Qh1+ 16. Ke2 Qxg2 17. Kd2 Bxd5 18. exd5 Nxe3 19. Rxe3 Qxd5+
0-1